| 000 | 00375 a2200121 4500 | ||
|---|---|---|---|
| 001 | ART_15037 | ||
| 005 | 20260410161615.0 | ||
| 008 | 260409a | ||
| 245 | 1 | 0 | _aEl santo grial de la innovación |
| 100 | 1 | _aPrahalad, C. K. | |
| 700 | 1 | _aMashelkar, R. A. | |
| 773 | 0 |
_tHarvard Business Review _gLa organización eficaz - Vol. 88, Nº 6 (jul. 2010) _wREV340 |
|
| 999 |
_c10986 _d10986 |
||